000 00314nam a22001337a 4500
008 181012b xxu||||| |||| 00| 0 eng d
020 _a9780781771948
041 _aeng
080 _a610
100 _a4
101 _aSHM
245 _aA Manual of Laboratory and Diagnostic Tests
_cFischbach, F
942 _2udc
_cBK
999 _c49497
_d49497